| 000 | 00723nam a2200253Ia 4500 | ||
|---|---|---|---|
| 999 |
_c39161 _d39161 |
||
| 003 | GCL | ||
| 005 | 20240530103417.0 | ||
| 008 | 140319s9999 xx 000 0 ara d | ||
| 040 |
_aGCL / _cGCL |
||
| 082 | 0 | 4 |
_a251 _bم ا |
| 100 | 1 | _aمحمد ابوزهرة | |
| 245 | 1 | 0 |
_aاصول الفقه / _cمحمد ابوزهرة |
| 300 | _a392 ص | ||
| 650 | 0 | 4 | _aالافتاء |
| 650 | 0 | 4 | _aالاحكام الشرعية |
| 650 | 0 | 4 | _aالاجتهاد |
| 650 | 0 | 4 | _aالقياس |
| 650 | 0 | 4 | _aالفقه الاسلامى |
| 650 | 0 | 4 | _aالفقه الاسلامى، اصول |
| 650 | 0 | 4 | _aالاستحسان المحكوم فية |
| 650 | 0 | 4 | _aالمحكوم عليه |
| 650 | 0 | 4 | _aالقران |
| 942 |
_2ddc _cBK |
||